000 00656nam a2200253Ia 4500
003 OSt
005 20221005100107.0
006 a|||||r|||| 00| 0
007 ta
008 221004b |||||||| |||| 00| 0 mar d
024 _a40154
037 _cTextual
040 _aCRL
_cCRL
_bmar
041 _2mar
_amar
082 _aO155,1xN5, J4.1-.2
100 _aJoga
_9620688
245 0 _aKavyav Vahini
260 _aPune
_bJoshi India
300 _a170p.
_ccm.
650 _aMARATHWADA - HISTORY
_9620689
700 _a Kusumagraj
942 _hO155,1xN5, J4.1-.2
_cTEXL
_2cc
999 _c1004636
_d1004636